00373nam a2200145Ia 4500008004100000041000800041082001300049100002000062245006800082260001900150300001200169365001200181650001700193650001700210210719s1996 xx 000 0 und d ahin a413 PATB aPATHAK (R C) Ed aBhargavas standard illustrated dictionary of the hindi language aVaranasic1996 a937bHB b125cRs aDictionaries aDictionaries